|
|
|
|
| LEADER |
00000nam0a2200000 4500 |
| 001 |
123054 |
| 005 |
20231031130346.0 |
| 010 |
|
|
|a 5280006513
|
| 020 |
|
|
|a RU
|b 91-40124
|
| 035 |
|
|
|a (RuTPU)RU\TPU\book\133222
|
| 090 |
|
|
|a 123054
|
| 100 |
|
|
|a 20071011d1991 m y0rusy5003 ca
|
| 101 |
1 |
|
|a rus
|c hun
|
| 102 |
|
|
|a RU
|
| 105 |
|
|
|a y z 000gy
|
| 200 |
1 |
|
|a От сердца к сердцу
|e Стихи четырех венгерских поэтов : Пер. с венг.
|f сост. и вступ. ст. О. Россиянов
|
| 210 |
|
|
|a Москва
|c Художественная литература
|d 1991
|
| 215 |
|
|
|a 350,[1] с.
|d 17 см
|
| 464 |
|
|
|a Юхас, Дюла
|
| 610 |
1 |
|
|a венгерская литература
|
| 610 |
1 |
|
|a поэзия
|
| 675 |
|
|
|a 894.5
|z rus
|
| 702 |
|
1 |
|a Россиянов
|b О.
|4 220
|
| 801 |
|
0 |
|a RU
|b RuMRKP
|c 19950417
|g psbo
|
| 801 |
|
2 |
|a RU
|b 63413507
|c 20071011
|g PSBO
|
| 942 |
|
|
|c BK
|